Govt. of
Madhya Pradesh

Shahjahanabad (Record no. 49369)

MARC details
000 -LEADER
fixed length control field 003730000a22001570004500
001 - CONTROL NUMBER
control field 000062
003 - CONTROL NUMBER IDENTIFIER
control field MACL
040 ## - CATALOGING SOURCE
Original cataloging agency MACL
090 ## - LOCALLY ASSIGNED LC-TYPE CALL NUMBER (OCLC); LOCAL CALL NUMBER (RLIN)
-- 62
-- 62
100 ## - MAIN ENTRY--PERSONAL NAME
Personal name Chenoy Mitra Shama,
245 ## - TITLE STATEMENT
Title Shahjahanabad
Remainder of title A City Of Delhi 1638-1857
Statement of responsibility, etc. Chenoy Mitra Shama
260 ## - PUBLICATION, DISTRIBUTION, ETC. (IMPRINT)
Place of publication, distribution, etc. Munshiram manoharlal Publishers,
Date of publication, distribution, etc. 1998
350 ## - PRICE (NR) (BK AM CF MU VM SE) [OBSOLETE]
Price 475
650 ## - SUBJECT ADDED ENTRY--TOPICAL TERM
Topical term or geographic name as entry element History
942 ## - ADDED ENTRY ELEMENTS (KOHA)
Call number prefix 900
Koha item type Library Membar

No items available.